Komparácia investičných a podielových fondov vo vybraných krajinách

Analýza vybraných podielových fondov, ktoré sú bežne ponúkané na Slovensku, ale aj analýza investičných fondov, ktoré sú skôr typickou formou investovania v zahraničí. Charakteristika vybraných typov podielových a investičných fondov, ako aj analýza ich vývoja.

Salvato in:
Dettagli Bibliografici
Autore principale: Lennerová, Ivana, 1979-
Natura: Capitolo di libro
Lingua:slovacco
Soggetti:
Tags: Aggiungi Tag
Nessun Tag, puoi essere il primo ad aggiungerne!!

MARC

LEADER 00000nla a2200000 4500
001 0174114
005 20240502072952.3
041 0 |a slo 
044 |a SK 
245 1 0 |a Komparácia investičných a podielových fondov vo vybraných krajinách  |c Ivana Lennerová 
520 |a Analýza vybraných podielových fondov, ktoré sú bežne ponúkané na Slovensku, ale aj analýza investičných fondov, ktoré sú skôr typickou formou investovania v zahraničí. Charakteristika vybraných typov podielových a investičných fondov, ako aj analýza ich vývoja. 
610 2 0 |a fondy podielové 
610 2 0 |a fondy investičné 
610 2 0 |a stratégia investičná 
610 2 0 |a analýza komparatívna 
610 2 0 |a investovanie 
610 2 0 |a investície zahraničné 
610 2 0 |a Slovensko 
610 2 0 |a Európa 
100 1 |a Lennerová, Ivana, 1979-